|
|
|
|
| LEADER |
00567cam a2200181 7i4500 |
| 001 |
0000020714 |
| 005 |
20080227090000.0 |
| 020 |
0 |
0 |
|a 978-981-4195-28-7
|
| 090 |
0 |
0 |
|a B 338.95957
|b GHE
|
| 100 |
0 |
0 |
|a Ghesquiere,Henri
|
| 245 |
0 |
0 |
|a Singapore's success :
|b Engineering economic growth.
|
| 260 |
0 |
0 |
|a Singapore:
|b Thomson Learning,
|c 2007.
|
| 300 |
# |
# |
|a 186 p.
|
| 650 |
0 |
0 |
|a Singapore --
|x Economic conditions
|
| 650 |
0 |
0 |
|a Singapore --
|x Economic policy
|
| 650 |
0 |
0 |
|a Singapore --
|x succes
|
| 651 |
0 |
0 |
|a Singapore
|
| 999 |
|
|
|a B000021857
|b Book
|c Countries
|e Business Information Centre
|